Real Sociedad Current Squad - Hard Version - Statistics

General Stats
  • This quiz has been taken 44 times
    16 since last reset
  • The average score is 29 of 36
Answer Stats
# Position Nation Player Name % Correct
1 GK Spain Álex Remiro
94%
18 MF Spain Carlos Soler
94%
2 DF Venezuela Jon Aramburu
94%
10 FW Spain Mikel Oyarzabal
94%
14 MF Japan Takefusa Kubo
94%
3 DF Spain Aihen Muñoz
88%
7 FW Spain Ander Barrenetxea
88%
6 DF Spain Aritz Elustondo
88%
23 MF Spain Brais Méndez
88%
16 DF Croatia Duje Ćaleta-Car
88%
11 FW Portugal Gonçalo Guedes
88%
5 DF Spain Igor Zubeldia
88%
24 MF Croatia Luka Sučić
88%
9 FW Iceland Orri Óskarsson
88%
15 FW Nigeria Umar Sadiq
88%
12 MF Venezuela Yangel Herrera
88%
20 DF Spain Álvaro Odriozola
81%
21 MF Russia Arsen Zakharyan
81%
8 MF Spain Beñat Turrientes
81%
4 MF Spain Jon Gorrotxategi
81%
19 FW Spain Jon Karrikaburu
81%
22 FW Spain Mikel Goti
81%
28 MF Spain Pablo Marín
81%
- Coach Spain Sergio Francisco
81%
17 DF Spain Sergio Gómez
81%
13 GK Spain Unai Marrero
81%
33 DF Spain Iñaki Rupérez
75%
31 DF Spain Jon Martín
75%
32 GK Spain Aitor Fraga
69%
40 FW Spain Arkaitz Mariezkurrena
69%
- DF Spain Jon Pacheco
69%
36 MF France Alex Lebarbier
63%
- FW Spain Carlos Fernández
63%
35 GK Spain Egoitz Arana
63%
41 GK France Theo Folgado
50%
- DF Spain Javi López
44%
No matching quizzes found
Score Distribution
Percent of People with Each Score
Percentile by Number Answered
Your Score History
You have not taken this quiz since the last reset